| 000 | 00719nam a2200205 a 4500 | ||
|---|---|---|---|
| 003 | 0 | ||
| 005 | 20250415095941.0 | ||
| 008 | 970101s19uu xx 00 eng d | ||
| 050 |
_aPGS HV 4711 _b.D276 2004 |
||
| 100 | _aDayupay, Luini. | ||
| 245 |
_aA study on the effects of pets on grade six students / _cLuini Dayupay. |
||
| 260 |
_aLas PiƱas City, Philippines : _bSouthville International School and Colleges, _c2004. |
||
| 300 |
_a32 pages : _billustrations ; _c28 cm. |
||
| 504 | _aIncludes bibliographical references. | ||
| 650 |
_aPets _vPsychological aspects. |
||
| 650 | _aChildren and animals. | ||
| 650 |
_aPet ownership _vSocial aspects. |
||
| 650 | _aHuman-animal relationships. | ||
| 942 |
_2lcc _cPASS |
||
| 999 |
_c96970 _d96970 |
||